Intelligent buildings : an introduction
| Other Authors: | |
|---|---|
| Format: | Book |
| Language: | English |
| Published: |
New York :
Routledge ,
2014
|
| Subjects: |
MARC
| LEADER | 00000cam a2200000 7i4500 | ||
|---|---|---|---|
| 001 | 0000026317 | ||
| 005 | 20150715.0 | ||
| 008 | 09072015 xxua eng | ||
| 020 | |a 9780415531139 , |c RM510.00 | ||
| 040 | |a INS | ||
| 090 | 0 | 0 | |a TH6012. |b I58 2014 |
| 245 | 1 | 0 | |a Intelligent buildings : |b an introduction |c edited Derek Clements-Croone |
| 260 | |a New York : |b Routledge , |c 2014 | ||
| 300 | |a xiii,218p : |b ill ; |c 23cm. | ||
| 500 | |a Includes bibliographical references and index | ||
| 650 | 0 | |a Intelligent buildings | |
| 700 | 1 | |a Croone-, Derek Clements | |
| 999 | |a 1000002221 |b BOOK |c Open Shelf |e Default branch | ||